Forma resistente
Shranjeno v:
| Glavni avtor: | |
|---|---|
| Format: | Knjiga |
| Jezik: | španščina |
| Izdano: |
Santiago, Chile
ARQ
2005
|
| Izdaja: | 1a. edición |
| Serija: | Serie Arquitectura-Teoría y Obra,
|
| Teme: | |
| Oznake: |
Označite
Brez oznak, prvi označite!
|
MARC
| LEADER | 00000nam a2200000 a 4500 | ||
|---|---|---|---|
| 001 | UCJ2016 | ||
| 003 | CL-VaPUC | ||
| 005 | 20240619100130.0 | ||
| 008 | 061124e20050000CL |||||||||||||||||spa|d | ||
| 999 | |c 318433 |d 318431 | ||
| 020 | |a 9561408600 | ||
| 040 | |c Pontificia Universidad Católica de Valparaíso | ||
| 082 | 0 | 4 | |a 720.1 BAI 2005 |2 21 |
| 100 | 0 | |a Baixas Figueras, Juan Ignacio |e author |9 502885 | |
| 245 | 1 | 0 | |a Forma resistente |
| 250 | |a 1a. edición | ||
| 260 | |a Santiago, Chile |b ARQ |c 2005 | ||
| 300 | |a 174 páginas | ||
| 440 | |a Serie Arquitectura-Teoría y Obra, |n 6 |9 860454 | ||
| 583 | |a last modification |c 20170314 12:41:26 |k Rodrigo Vera | ||
| 650 | 0 | |a Arquitectura |9 804558 | |
| 650 | 0 | |a Diseño arquitectónico |9 265271 | |
| 650 | 0 | |a Resistencia de materiales |9 260095 | |
| 650 | 0 | |a Diseño de estructuras |9 260345 | |
| 942 | |c BK |2 ddc | ||
| 945 | |d 20061124 00:00:00 |a cmena | ||
| 952 | |0 0 |1 0 |4 0 |6 720_100000000000000_BAI_2005 |7 0 |8 A |9 396218 |a BIBARQ |b BIBARQ |d 2019-11-22 |i 427993K |l 3 |o 720.1 BAI 2005 |p 427993K |r 2025-04-14 |s 2025-04-14 |w 2019-11-22 |y BK |k ARQ | ||
| 952 | |0 0 |1 0 |2 ddc |4 0 |6 720_100000000000000_BAI_2005 |7 0 |8 A |9 396219 |a BIBING |b BIBING |c RES |d 2019-11-22 |i 4320751 |o 720.1 BAI 2005 |p 4320751 |r 2025-01-20 |w 2019-11-22 |y BK |k CIC | ||
| 952 | |0 0 |1 0 |4 0 |6 720_100000000000000_BAI_2005 |7 0 |8 A |9 396220 |a BIBARQ |b BIBARQ |d 2019-11-22 |i 4268210 |l 5 |m 1 |o 720.1 BAI 2005 |p 4268210 |r 2025-05-09 |s 2025-05-02 |w 2019-11-22 |y BK |k ARQ | ||